<?xml version="1.0" encoding="UTF-8"?><collection xmlns="info:lc/xmlns/marcxchange-v2"><record format="Unimarc" type="bibliographic"><leader>00545nam  2200169   450 </leader><controlfield tag="001">2112435</controlfield><controlfield tag="003">http://id.bnportugal.gov.pt/bib/porbase/2112435</controlfield><datafield ind1=" " ind2=" " tag="010"><subfield code="a">0-19-881270-1</subfield></datafield><datafield ind1=" " ind2=" " tag="035"><subfield code="a">UALLC_BC_126.iso/16-03-2009/14765</subfield></datafield><datafield ind1=" " ind2=" " tag="100"><subfield code="a">20010316d1971    k  y0pory0103    ba</subfield></datafield><datafield ind1="0" ind2=" " tag="101"><subfield code="a">eng</subfield></datafield><datafield ind1=" " ind2=" " tag="102"><subfield code="a">GB</subfield></datafield><datafield ind1="1" ind2=" " tag="200"><subfield code="a">&lt;The &gt;struggle for mastery in europe</subfield><subfield code="e">1848-1918= 1848- 1918</subfield><subfield code="f">A. J. P. Taylor</subfield></datafield><datafield ind1=" " ind2=" " tag="210"><subfield code="a">Oxford</subfield><subfield code="c">Oxford University Press</subfield><subfield code="d">1971</subfield></datafield><datafield ind1=" " ind2=" " tag="215"><subfield code="a">XXXVI, 638 p.</subfield><subfield code="c">il.</subfield><subfield code="d">20 cm</subfield></datafield><datafield ind1=" " ind2=" " tag="675"><subfield code="a">940.3</subfield><subfield code="v">BN</subfield><subfield code="z">por</subfield></datafield><datafield ind1=" " ind2="1" tag="700"><subfield code="a">Taylor</subfield><subfield code="b">A. J. P.</subfield><subfield code="4">070</subfield></datafield><datafield ind1=" " ind2="0" tag="801"><subfield code="a">PT</subfield><subfield code="b">UALLC</subfield><subfield code="g">RPC</subfield></datafield></record></collection>